000 00454nam a2200181Ia 4500
999 _c27974
_d27974
003 0100
005 20190701112818.0
008 130303s9999 xx 000 0 und d
040 _cARRUPELIB
050 _aHB175.M254 1970
100 _aMarx, Karl
_96499
245 2 _aA Contribution to the critique of Political economy
260 _aMoscow
_bProgress Publishers
_c1977
300 _a263p.
300 _b 23 cm
650 _bEconomics
_946666
942 _2lcc
_cMONOGRAPH